Famous Bands by Synonym - Statistics

General Stats
  • This quiz has been taken 152 times
  • The average score is 9 of 15
Answer Stats
Synonym Band Name % Correct
Firearms and Flowers Guns N' Roses
96%
SMOOCH KISS
94%
The Rotating Pebbles The Rolling Stones
92%
Conversing Noggins Talking Heads
77%
Extensive Violet Deep Purple
73%
Adventure Journey
73%
Verdant Twenty-Four Hours Green Day
69%
Guided Blimp Led Zeppelin
69%
Evil Sibling Twisted Sister
57%
Trio Entryways Over Three Doors Down
50%
Jewel Jelly Pearl Jam
47%
Ferrous Celibate Iron Maiden
42%
Singular Democracy OneRepublic
37%
Stranded Quintet Maroon 5
31%
Appalling Channels Dire Straits
9%
No matching quizzes found
Score Distribution
Percent of People with Each Score
Percentile by Number Answered
Your Score History
You have not taken this quiz